000 00993cam a2200217 4500
001 L137349
008 070330s2007 xxk f 000 0 eng d
035 _a(Sirsi) u137349
041 0 _aeng
110 2 _aUnited Kingdom
_kLaws, etc
_95044
245 0 4 _aThe Income Tax (Indexation) Order 2007
_h[electronic resource]
260 _aLondon
_bTSO
_c2007
490 0 _aSI
_v2007: 943
520 _aOrder made by Treasury on amounts for rate limits for 2007-08, in compliance with the duty imposed upon Treasury by section 1(6) of the Income and Corporation Taxes Act 1988. The amount specified for starting rate limit of charge to income tax is £2,230, and the basic rate limit of charge to income tax is £34,600.
590 _aKA
650 2 4 _aINCOME TAX (INDEXATION) ORDER 2007
651 4 _aEngland and Wales
_y1543-
690 _aPROPERTY-PROPERTY TAXATION
856 4 0 _uhttps://www.opsi.gov.uk/si/si2007/20070943.htm
_zView the item free of charge at www.opsi.gov.uk...
942 _n0
999 _c106744
_d106744